000 00813nam a22002417a 4500
001 8005
003 FISKH
005 20250818154823.0
008 250818b cb ||||| |||| 00| 0 eng d
020 _a9780811842266
040 _aFISKH
_beng
_cFISKH
_dFISKH
050 _a PZ8.L575 R
082 _a 395.122
100 _aLevin, Bridget
245 _aRules of the wild :
_bAn unruly book of manners /
_cby Bridget Levin Amanda Shepherd (Illustrator)
260 _aCalifornia :
_bCronicle Books,
_c2004.
300 _a32 unnumbered pages :
_bcolor illustrations ;
_c28 cm
505 _aNP
520 _aRhyming text explores how proper behavior for young animals is different from what is expected of young children.
700 _aShepherd, Amanda
_eIllustrator
942 _2ddc
_cBK
_n0
999 _c8005
_d8005